MARC details
| 000 -LEADER |
| fixed length control field |
02048cam a22003614a 4500 |
| 001 - CONTROL NUMBER |
| control field |
16006900 |
| 005 - DATE AND TIME OF LATEST TRANSACTION |
| control field |
20140820120558.0 |
| 008 - FIXED-LENGTH DATA ELEMENTS--GENERAL INFORMATION |
| fixed length control field |
091203m20062007txua |rbf 001 0 eng |
| 010 ## - LIBRARY OF CONGRESS CONTROL NUMBER |
| LC control number |
2009368270 |
| Canceled/invalid LC control number |
2009288253 |
| 020 ## - INTERNATIONAL STANDARD BOOK NUMBER |
| International Standard Book Number |
1555631266 (complete 7vol. set, print) |
| 020 ## - INTERNATIONAL STANDARD BOOK NUMBER |
| International Standard Book Number |
9781555631260 (complete 7vol. set, print) |
| 020 ## - INTERNATIONAL STANDARD BOOK NUMBER |
| International Standard Book Number |
9781555631086 (v. 1. print) |
| 020 ## - INTERNATIONAL STANDARD BOOK NUMBER |
| International Standard Book Number |
9781555631147 (v. 2. print) |
| 020 ## - INTERNATIONAL STANDARD BOOK NUMBER |
| International Standard Book Number |
9781555631161 (v. 3. print) |
| 020 ## - INTERNATIONAL STANDARD BOOK NUMBER |
| International Standard Book Number |
9781555631185 (v. 4. print) |
| 020 ## - INTERNATIONAL STANDARD BOOK NUMBER |
| International Standard Book Number |
9781555631208 (v. 5. print) |
| 020 ## - INTERNATIONAL STANDARD BOOK NUMBER |
| International Standard Book Number |
9781555631222 (v. 6. print) |
| 020 ## - INTERNATIONAL STANDARD BOOK NUMBER |
| International Standard Book Number |
9781555631246 (v. 7. print) |
| 040 ## - CATALOGING SOURCE |
| Original cataloging agency |
DLC |
| Transcribing agency |
DLC |
| Modifying agency |
DLC |
| 050 00 - LIBRARY OF CONGRESS CALL NUMBER |
| Classification number |
TN870 |
| Item number |
.P493 2006 |
| 082 00 - DEWEY DECIMAL CLASSIFICATION NUMBER |
| Classification number |
665.5 |
| Edition number |
22 |
| Item number |
PET |
| 245 00 - TITLE STATEMENT |
| Title |
Petroleum Engineering Handbook / |
| Statement of responsibility, etc |
Larry W. Lake, editor-in-chief. |
| 260 ## - PUBLICATION, DISTRIBUTION, ETC. (IMPRINT) |
| Place of publication, distribution, etc |
Richardson, TX : |
| Name of publisher, distributor, etc |
Society of Petroleum Engineers, |
| Date of publication, distribution, etc |
2006-2007 |
| 300 ## - PHYSICAL DESCRIPTION |
| Extent |
7 v. : |
| Other physical details |
ill (some col.) ; |
| Dimensions |
26 cm. |
| 504 ## - BIBLIOGRAPHY, ETC. NOTE |
| Bibliography, etc |
Includes bibliographical references and indexes. |
| 505 0# - FORMATTED CONTENTS NOTE |
| Formatted contents note |
v. 1. Gener al engineering / John R. Fanchi, editor -- v. 2. Drilling engineering / Robert F. Mitchell, editor -- v. 3. Facilities and construction engineering / Kenneth E. Arnold, editor -- v. 4. Production operations engineering / Joe Dunn Clegg, editor -- v. 5, pt. A and pt. B. Reservoir engineering and petrophysics / Edward D. Holstein, editor -- v. 6. Emerging and peripheral technologies / H.R. Warner Jr., editor -- v. 7. Indexes and standards. |
| 650 #0 - SUBJECT ADDED ENTRY--TOPICAL TERM |
| Topical term or geographic name as entry element |
Petroleum engineering |
| Form subdivision |
Handbooks, manuals, etc. |
| 9 (RLIN) |
12663 |
| 700 1# - ADDED ENTRY--PERSONAL NAME |
| Personal name |
Lake, Larry W. |
| 9 (RLIN) |
12664 |
| 700 1# - ADDED ENTRY--PERSONAL NAME |
| Personal name |
Fanchi, John R. |
| 9 (RLIN) |
12665 |
| 710 2# - ADDED ENTRY--CORPORATE NAME |
| Corporate name or jurisdiction name as entry element |
Society of Petroleum Engineers (U.S.) |
| 9 (RLIN) |
12666 |
| 942 ## - ADDED ENTRY ELEMENTS (KOHA) |
| Source of classification or shelving scheme |
Dewey Decimal Classification |
| Item type |
Book - Borrowing |